| 000 | 00490nam a2200133Ia 4500 | ||
|---|---|---|---|
| 008 | 170221s9999 xx 000 0 und d | ||
| 100 | _aWilton Robinson | ||
| 245 | _aPoison Pills: Recent Negative Economic Effects Justify Repealing the Related Legislation and Increasing Shareholder Ownership Rights | ||
| 245 | _cWilton Robinson | ||
| 260 | _c2016 | ||
| 300 | _a6 : 2 | ||
| 650 | _xBusiness | ||
| 856 | _uhttp://digitalcommons.pepperdine.edu/cgi/viewcontent.cgi?article=1135&context=jbel | ||
| 999 |
_c313476 _d313476 |
||